| 000 | 01094nam a2200205Ia 4500 | ||
|---|---|---|---|
| 003 | Ost | ||
| 005 | 20260507075639.0 | ||
| 008 | 260507s9999||||xx |||||||||||||| ||und|| | ||
| 040 | _cfsecg | ||
| 041 | _aara | ||
| 082 | _a657.42 | ||
| 100 |
_aبدوي، محمد عباس _eمؤلف |
||
| 245 | 0 |
_aمبادئ المحاسبة المالية / _c محمد عباس بدوي |
|
| 260 |
_aالإسكندرية: _bدار الجامعة الجديدة, _c2001 |
||
| 300 |
_a398 صفحة؛ _bإيضاحات ؛ _c24 سم |
||
| 520 | _aالمحاسبة كنظام للمعلومات،معادلة المحاسبة الرئيسية،الدورة المحاسبية ،استكمال عمليات التشغيل في نظام المعلومات المحاسبية،المحاسبة عن عمليات البضاعة في ظل نظام المخزون المستمر،التحصيل و السداد باستخدام الاوراق التجارية. | ||
| 653 | _aالمحاسبة التحليلية | ||
| 700 |
_aعبد العظيم، عبد الله هلال _eمؤلف ثانوي |
||
| 942 | _cكتاب | ||
| 999 |
_c45367 _d45367 |
||